000 00407nam a22001697a 4500
005 20180613162131.0
008 160526b xxu||||| |||| 00| 0 eng d
020 _a81-259-1439-0
041 _aeng
082 _b5293
_a657.42
100 _aArora, M.N.
_9452
245 _aCost Accounting
260 _aNew Delhi
_bAcademic Faundation
_c2004
300 _a1069
650 _aManagement
_9241
942 _cBK
999 _c1853
_d1852